00373nam a22001217a 450000500170000000800410001704100080005808200080006610000520007424500880012626000290021430000080024320240812170130.0240812b |||||||| |||| 00| 0 eng d aeng bGHA aGhadge Ruchita -2K221155 & Dr. Huma Lone-Guide  aHR Analytics Employee Attrition & Satisfaction Force MTU Power System Pvt. Ltd. Co. aPune bSPPU cMarch-2024 a50p